| 000 | 00726cam a22002651 4500 | ||
|---|---|---|---|
| 001 | 12852 | ||
| 003 | BD-RjUL | ||
| 005 | 20211208235351.0 | ||
| 008 | 140129s1961 enka 001 0 eng | ||
| 035 | _a(BD-RjUL)12902 | ||
| 035 | _a(OCoLC)3149546 | ||
| 040 |
_aDLC _cOC _dBD-RjUL _beng |
||
| 041 | _aeng | ||
| 082 |
_a537.6 _bMCI 1961 |
||
| 100 | 1 |
_aMcCleery, D. K. _940052 |
|
| 245 | 1 | 0 |
_aIntroduction to transients / _cD. K. McCleery |
| 260 |
_aLondon : _bChapman and Hall, _cc1961. |
||
| 300 |
_axi, 232 p. : _billus. ; _c22 cm. |
||
| 504 | _aInclude index. | ||
| 650 | 0 |
_aTransients (Electricity) _940053 |
|
| 650 | 0 |
_aCalculus, Operational. _919806 |
|
| 942 |
_2ddc _cBK |
||
| 999 |
_c12852 _d12852 |
||